Name the 16 German states and then the 16 capitals - Statistics

General Stats
  • This quiz has been taken 15 times
  • The average score is 24 of 32
Answer Stats
Hint Answer % Correct
3 Berlin
100%
3 Berlin
100%
6 Hamburg
100%
6 Hamburg
100%
2 Bavaria
92%
2 Munich
92%
13 Saxony
92%
1 Baden-Württemberg
85%
5 Bremen
85%
5 Bremen
85%
9 Mecklenburg-Vorpommern
85%
1 Stuttgart
85%
13 Dresden
77%
8 Hannover
77%
15 Kiel
77%
10 North Rhine-Westphalia
77%
15 Schleswig-Holstein
77%
4 Brandenburg
69%
10 Düsseldorf
69%
7 Hesse
69%
11 Rhineland-Palatinate
69%
12 Saarbrücken
69%
12 Saarland
69%
8 Lower Saxony
62%
14 Saxony-Anhalt
62%
16 Thuringia
62%
16 Erfurt
54%
14 Magdeburg
54%
11 Mainz
54%
4 Potsdam
54%
9 Schwerin
46%
7 Wiesbaden
38%
No matching quizzes found
Score Distribution
Percent of People with Each Score
Percentile by Number Answered
Your Score History
You have not taken this quiz